| 000 | 00463nam a2200121Ia 4500 | ||
|---|---|---|---|
| 008 | 171212s9999 xx 000 0 und d | ||
| 020 | _a9780874216394 | ||
| 245 |
_ceditor Whitley, Colleen _aFrom the Ground Up _bA History of Mining in Utah |
||
| 260 |
_bUniversity Press of Colorado _c2006 |
||
| 650 | _aGeology | ||
| 650 | _aMines and mineral resources -- Utah -- History; Mining engineering -- Utah -- History | ||
| 856 | _uwww.jstor.org/stable/10.2307/j.ctt4cgn2r | ||
| 999 |
_c353071 _d353071 |
||